| 000 | 01076nam a2200313 i 4500 | ||
|---|---|---|---|
| 001 | 000002238 | ||
| 003 | DO-SdBPM | ||
| 005 | 20250623101147.0 | ||
| 007 | ta | ||
| 008 | 090701s1990 dr 000 f spa d | ||
| 040 |
_aDO-SdBPM _bspa _cBPMSU _erda |
||
| 082 | 4 |
_aH843.914 _bL637s, 1990 _222 |
|
| 100 | 1 |
_aLespes, Anthony, _eautor |
|
| 240 | 1 | 4 |
_aLes semences de la colére _lEspañol |
| 245 | 1 | 4 |
_aLas semillas de la ira / _cAnthony Lespes ; traducción y composición, Diógenes Céspedes. |
| 264 |
_aSanto Domingo : _bFundación Cultural Dominicana, _c1990. |
||
| 300 |
_a137 páginas ; _c21 cm. |
||
| 336 |
_2rdacontent _atexto _btxt |
||
| 337 |
_2rdamedia _asin mediación _bn |
||
| 338 |
_2rdacarrier _avolumen _bnc |
||
| 500 | _aIncluye referencias bibliográficas y notas al pie de las páginas. | ||
| 590 | _aInventariado, 2025/VM | ||
| 650 | 7 | _aNovela haitiana | |
| 650 | 7 | _aLiteratura haitiana | |
| 700 | 1 |
_aCéspedes, Diógenes, _d1941- _etraducción y composición |
|
| 700 | z | _aCéspedes, D. | |
| 910 | _aVMateo V. Control de calidad BPMSU | ||
| 942 |
_2ddc _cBK |
||
| 999 |
_c7779 _d7779 |
||